000
00342 a2200157 4500
001
187890
020
_a
978-85-10-04883-5
040
_c
Magnum
100
_a
Furtado, Maria Cristina
240
1
0
_a
A fábrica mágica
_l
por
245
1
0
_a
A fábrica mágica
300
_a
39
362
0
_a
2010
697
_a
LITERATURA INFANTO
942
_c
BK
999
_c
187890
_d
187890